000 00355nam a2200145Ia 4500
008 230718s9999 xx 000 0 und d
041 _aEng.
082 _a346.6
_bKHI-L
100 _aKhiji, Kaseem - UD-Dim
245 0 _alic Defamation Solimme 2017
260 _aPakistan
_bMary as law book house
_c2002
300 _a210
650 _aLaw
999 _c26574
_d26574